Les 10 pays asiatiques ayant la plus grande croissance démographique - Statistiques

Statistiques générales
  • Ce quiz a été pris 30 089 fois
    14 955 depuis la dernière actualisation
  • Le résultat moyen est 7 sur 10
Statistiques - réponses
Croissance Pays % Correct
153 M Chine
99%
414 M Inde
97%
70,9 M Indonésie
84%
102 M Pakistan
83%
42,1 M Bangladesh
73%
26,4 M Iran
69%
38,0 M Philippines
63%
22,9 M Irak
61%
24,8 M Viêt Nam
56%
23,5 M Afghanistan
55%
Aucun quiz correspondant
Distribution des résultats
% des personnes avec chaque résultat
Percentile par nombre de réponses
Votre historique - résultats
Vous n’avez pas pris ce quiz depuis la dernière actualisation